000 00846nam a2200169 i 4500
001 161803
003 ES-MaACL
005 20230906212350.0
008 041028s1886 sp |||| | spa d
100 1 _aPérez del Toro, Felipe.
_9131494
245 1 0 _aCrédito agrícola
_b: (ponencia leída en el Ateneo de Madrid en la sesión del 16 de febrero de 1885 y enviada por este centro científico a la Junta de Reformas Sociales como contestación al grupo XXII de preguntas del cuestionario oficial) /
_cpor Felipe Pérez del Toro.
260 _aMadrid :
_b[s.n.],
_c1886 (
_fTip. de Manuel Ginés Hernández)
300 _a19 p. ;
_c25 cm.
610 2 4 _aAteneo de Madrid-
_vConferencias-
_yS.XIX.
_91910
650 4 _aCrédito agrícola.
_9135836
852 _aES-MaACL
_jT-803-F-14
_z- Enc. hol. conservando cub. original
_z- Enc. en un vol. facticio
999 _c161803
_d161803